000
00330 a2200109 4500
001
ART_2351
005
20260410161725.0
008
260409a
245
1
0
_a
Formularios, otros impresos, envases
100
1
_a
Raimondi, Carlos A.
773
0
_t
Administración de empresas
_g
- Año 7, Nº 83 (feb. 1977)
_w
REV2036
999
_c
17320
_d
17320